[Event "Caracas FVA 80th Ann"]
[Site "Caracas"]
[Date "2015.12.18"]
[Round "5"]
[White "Ramirez Marino, Richard Daniel"]
[Black "Colmenares Olivares, Cesar Eduardo"]
[Result "1/2-1/2"]
[WhiteElo "1981"]
[BlackElo "1570"]
[PlyCount "41"]
[EventDate "2015.12.16"]
[EventType "swiss"]
[EventRounds "8"]
[EventCountry "VEN"]
[SourceTitle "EXT 2018"]
[Source "ChessBase"]
[SourceDate "2017.10.13"]
[SourceVersion "1"]
[SourceVersionDate "2017.10.13"]
[SourceQuality "1"]

1. e4 c5 2. Nf3 a6 3. Nc3 Nf6 4. d4 cxd4 5. Nxd4 d6 6. Be3 Nc6 7. f3 e5 8. Nb3 Be6 9. Qd2 d5 10. exd5 Nxd5 11. Nxd5 Qxd5 12. Qxd5 Bxd5 13. 0-0-0 Be6 14. Kb1 Nb4 15. g4 a5 16. Bb5+ Nc6 17. Nc5 Bc8 18. Rd5 f6 19. g5 Be7 20. Rg1 Kf7 21. Bc4 1/2-1/2

[Event "Caracas FVA 80th Ann"]
[Site "Caracas"]
[Date "2015.12.16"]
[Round "1"]
[White "Hurtado Paredes, Jesus Ulpiano"]
[Black "Ramirez Marino, Richard Daniel"]
[Result "0-1"]
[WhiteElo "1461"]
[BlackElo "1981"]
[PlyCount "56"]
[EventDate "2015.12.16"]
[EventType "swiss"]
[EventRounds "8"]
[EventCountry "VEN"]
[SourceTitle "EXT 2018"]
[Source "ChessBase"]
[SourceDate "2017.10.13"]
[SourceVersion "1"]
[SourceVersionDate "2017.10.13"]
[SourceQuality "1"]

1. d4 Nf6 2. Nf3 g6 3. e3 Bg7 4. Nbd2 0-0 5. Bd3 c5 6. b3 b6 7. Bb2 Bb7 8. Qe2 cxd4 9. exd4 Nd5 10. Qe4 Qc7 11. Qg4 Nb4 12. 0-0 Nxd3 13. cxd3 d6 14. Rac1 Qd8 15. Rfe1 Nd7 16. Qh4 Nf6 17. Ne4 Nd5 18. Ng3 Qd7 19. a3 Qb5 20. b4 Qxd3 21. Qe4 Qxe4 22. Rxe4 Rac8 23. Rce1 Rc2 24. R4e2 Rfc8 25. Nf1 Ba6 26. Rxc2 Rxc2 27. Bc1 Nc3 28. Bf4 Ne2+ 0-1

[Event "VEN-ch qual 2nd Cojedes"]
[Site "San Carlos"]
[Date "2014.08.15"]
[Round "3"]
[White "Ramirez Marino, Richard Daniel"]
[Black "Ramirez Gonzalez, Mauricio"]
[Result "1-0"]
[WhiteElo "2044"]
[BlackElo "1805"]
[PlyCount "95"]
[EventDate "2014.08.14"]
[EventType "swiss"]
[EventRounds "7"]
[EventCountry "VEN"]
[SourceTitle "EXT 2018"]
[Source "ChessBase"]
[SourceDate "2017.10.13"]
[SourceVersion "1"]
[SourceVersionDate "2017.10.13"]
[SourceQuality "1"]

1. Nf3 d5 2. c4 e6 3. d4 Nf6 4. Bg5 c6 5. Nc3 Nbd7 6. cxd5 exd5 7. e3 Qa5 8. Nd2 Bb4 9. Qc2 0-0 10. Bd3 Ne4 11. Bxe4 dxe4 12. Bf4 Nf6 13. 0-0 Bxc3 14. bxc3 Nd5 15. Bd6 Rd8 16. Bb4 Nxb4 17. cxb4 Qxb4 18. Nxe4 Qe7 19. Ng3 g6 20. Qe4 Qxe4 21. Nxe4 f5 22. Nc5 b6 23. Nb3 Be6 24. Rac1 Rac8 25. Rc3 Bxb3 26. axb3 a5 27. f3 Rd7 28. Rfc1 Rd6 29. Rd3 Re8 30. Kf2 Kf7 31. Kg3 Kf6 32. Rdc3 Rc8 33. h4 h6 34. h5 Kg5 35. hxg6 Rxg6 36. e4 f4+ 37. Kf2 c5 38. g4 Rd6 39. d5 Kf6 40. Rh1 Kg6 41. Ke2 Kg5 42. Kd3 b5 43. Ra1 Kh4 44. Rxa5 Kg3 45. Ke2 Rb6 46. Ra1 c4 47. Rcc1 c3 48. Rh1 1-0

[Event "VEN-ch qual 2nd Cojedes"]
[Site "San Carlos"]
[Date "2014.08.14"]
[Round "1"]
[White "Ramirez Marino, Richard Daniel"]
[Black "Marin Ramirez, Gerardo"]
[Result "1/2-1/2"]
[WhiteElo "2044"]
[BlackElo "2166"]
[PlyCount "123"]
[EventDate "2014.08.14"]
[EventType "swiss"]
[EventRounds "7"]
[EventCountry "VEN"]
[SourceTitle "EXT 2018"]
[Source "ChessBase"]
[SourceDate "2017.10.13"]
[SourceVersion "1"]
[SourceVersionDate "2017.10.13"]
[SourceQuality "1"]

1. d4 d5 2. c4 c6 3. Nf3 Bg4 4. Ne5 Bf5 5. Qb3 Qb6 6. Qxb6 axb6 7. cxd5 cxd5 8. Nc3 e6 9. e3 Bb4 10. Bb5+ Kf8 11. 0-0 f6 12. Nd3 Bd6 13. f3 Ne7 14. e4 Bg6 15. Be3 Nbc6 16. Bf2 Kf7 17. Rfe1 Ra5 18. a3 Rd8 19. b4 Ra7 20. Ba4 Bb8 21. Bc2 Ra8 22. Nb5 Na7 23. Nc3 Rc8 24. Na4 Bc7 25. Bb3 Nb5 26. Ndb2 Bd8 27. exd5 Nxd5 28. Nc4 Bd3 29. Ncxb6 Nxb6 30. Nxb6 Bxb6 31. Bxe6+ Kf8 32. Bxc8 Rxc8 33. Re6 Bxd4 34. Bxd4 Nxd4 35. Rd6 Nc2 36. Rd1 Bb5 37. Rd8+ Rxd8 38. Rxd8+ Ke7 39. Rb8 Nxa3 40. Rxb7+ Bd7 41. Kf2 Kd8 42. Rb8+ Bc8 43. Ra8 Nc4 44. Ra7 Bd7 45. Ke2 Nd6 46. Ra8+ Ke7 47. Rg8 Ne8 48. Kd3 Kf7 49. Rh8 h6 50. Kc4 Ke6 51. f4 Nd6+ 52. Kc3 Ne8 53. Kc4 Nd6+ 54. Kc3 Nb5+ 55. Kd2 Nd6 56. Ra8 Bc8 57. Ra7 Bb7 58. Ra1 Kf5 59. Ke3 Bxg2 60. Rd1 Nb5 61. Ke2 Be4 62. Re1 1/2-1/2

[Event "VEN-ch qual 2nd Cojedes"]
[Site "San Carlos"]
[Date "2014.08.14"]
[Round "2"]
[White "Rodriguez Alvarez, Vidal Hely"]
[Black "Ramirez Marino, Richard Daniel"]
[Result "1-0"]
[WhiteElo "2153"]
[BlackElo "2044"]
[PlyCount "63"]
[EventDate "2014.08.14"]
[EventType "swiss"]
[EventRounds "7"]
[EventCountry "VEN"]
[SourceTitle "EXT 2018"]
[Source "ChessBase"]
[SourceDate "2017.10.13"]
[SourceVersion "1"]
[SourceVersionDate "2017.10.13"]
[SourceQuality "1"]

1. d4 Nf6 2. c4 g6 3. Nc3 Bg7 4. e4 d6 5. Nf3 0-0 6. Be2 e5 7. 0-0 Nc6 8. d5 Ne7 9. b4 Nh5 10. Re1 f5 11. Ng5 Nf6 12. f3 c6 13. Be3 Bh6 14. h4 f4 15. Bf2 cxd5 16. cxd5 Bxg5 17. hxg5 Nh5 18. Rc1 Bd7 19. Bb5 Bc8 20. Qc2 Kh8 21. Na4 Ng8 22. Qc7 Qxg5 23. Qxd6 Rf6 24. Qc5 Bh3 25. Bf1 Rc8 26. Qb5 a6 27. Qd3 Rxc1 28. Rxc1 Bd7 29. Nc5 Bc8 30. Qd2 Rd6 31. Nd3 Bh3 32. Qc3 1-0

[Event "Caracas Bandes Cup 1st"]
[Site "Caracas"]
[Date "2014.03.03"]
[Round "6"]
[White "Gascon del Nogal, Jose Rafael"]
[Black "Ramirez Marino, Richard Daniel"]
[Result "1-0"]
[WhiteElo "2327"]
[BlackElo "2031"]
[PlyCount "79"]
[EventDate "2014.03.01"]
[EventType "swiss"]
[EventRounds "7"]
[EventCountry "VEN"]
[SourceTitle "EXT 2018"]
[Source "ChessBase"]
[SourceDate "2017.10.13"]
[SourceVersion "1"]
[SourceVersionDate "2017.10.13"]
[SourceQuality "1"]

1. c4 Nf6 2. Nc3 g6 3. g3 Bg7 4. Bg2 0-0 5. e3 d6 6. Nge2 e5 7. 0-0 c6 8. d4 Qc7 9. b4 Be6 10. d5 cxd5 11. cxd5 Bg4 12. Bd2 Bxe2 13. Qxe2 Nbd7 14. Rac1 Rfc8 15. e4 Qc4 16. Qxc4 Rxc4 17. Nb5 Rxc1 18. Rxc1 Bf8 19. a4 a6 20. Nc3 Rc8 21. Nd1 Rxc1 22. Bxc1 Be7 23. a5 Bd8 24. Nc3 b6 25. b5 Nc5 26. Ba3 Nfd7 27. Bh3 Nb8 28. Bxc5 dxc5 29. bxa6 Nxa6 30. Bc8 bxa5 31. Bxa6 Bg5 32. Kf1 Kf8 33. Ke2 Bc1 34. Kd3 Ke7 35. Kc4 Ba3 36. Bb5 Bb4 37. Ba4 f5 38. f3 h5 39. h3 fxe4 40. Nxe4 1-0

[Event "San Cristobal Bolivar op 1st"]
[Site "San Cristobal"]
[Date "2012.09.27"]
[Round "5"]
[White "Sriram, Jha"]
[Black "Ramirez Marino, Richard Daniel"]
[Result "1-0"]
[WhiteElo "2422"]
[BlackElo "2053"]
[PlyCount "47"]
[EventDate "2012.09.25"]
[EventType "swiss"]
[EventRounds "10"]
[EventCountry "VEN"]
[SourceTitle "EXT 2013"]
[Source "ChessBase"]
[SourceDate "2012.11.22"]
[SourceVersion "1"]
[SourceVersionDate "2012.11.22"]
[SourceQuality "1"]

1. d4 d5 2. Nf3 Nf6 3. c4 dxc4 4. Nc3 a6 5. e3 e6 6. Bxc4 c5 7. 0-0 Be7 8. Qe2 0-0 9. Rd1 Qc7 10. Bd3 Nc6 11. dxc5 Bxc5 12. b3 e5 13. Bb2 Bg4 14. Rac1 Qe7 15. Ne4 Nxe4 16. Bxe4 Rad8 17. h3 Bh5 18. Rxd8 Rxd8 19. Qc2 Bb4 20. Bxc6 bxc6 21. Nxe5 Rd2 22. Qxc6 h6 23. Qa8+ Kh7 24. Rc8 1-0